Najdroższe transfery Manchesteru United - Statystyki

Ogólne statystyki
  • Ten quiz został rozwiązany 985 razy
  • Średni wynik to 12 z 15
Statystyki odpowiedzi
Kwota Sezon Narodowość Transfer z Pozycja Zawodnik % Poprawnych
105 mln € 2016/17 Francja Juventus Turyn ŚP Paul Pogba
99%
85 mln € 2021/22 Anglia Borussia Dortmund LP Jadon Sancho
96%
63 mln € 2019/20 Portugalia Sporting Lizbona ŚPO Bruno Fernandes
93%
87 mln € 2019/20 Anglia Leicester City ŚO Harry Maguire
93%
84,7 mln € 2017/18 Belgia Everton N Romelu Lukaku
93%
75 mln € 2014/15 Argentyna Real Madryt PS Angel Di Maria
92%
40 mln € 2021/22 Francja Real Madryt ŚO Raphael Varane
87%
59 mln € 2018/19 Brazylia Szachtar Donieck ŚP Fred
85%
60 mln € 2015/16 Francja AS Monaco N Anthony Martial
83%
44,7 mln € 2017/18 Serbia Chelsea FC ŚPD Nemanja Matić
77%
55 mln € 2019/20 Anglia Crystal Palace PO Aaron Wan Bissaka
76%
44,7 mln € 2013/14 Hiszpania Chelsea FC ŚPO Juan Mata
72%
46 mln € 2002/03 Anglia Leeds United ŚO Rio Ferdinand
69%
42 mln € 2016/17 Armenia Borussia Dortmund ŚPO Henrikh Mkhitaryan
55%
42,6 mln € 2001/02 Argentyna Lazio Rzym ŚP Juan Sebastian Veron
52%
Nie znaleziono quizów pasujących do podanych kryteriów
Rozkład punktacji
Procent ludzi z każdym wynikiem
Percentyl według liczby udzielonych odpowiedzi
Twoja historia wyników
Nie rozwiązałeś tego quizu